01010nam a2200265 a 450000100100000000500170001000800410002704000250006804100380009308200150013110000210014624000470016724500980021426000520031230000260036449000320039053400550042250000570047750000420053465000450057665000270062165000300064870000320067883000340071000002294620240604202930.0101123s1969 sp r 000 0 spa d aDO-SdBNPbspacBNPHU17aspaheng2Código de idioma MARC a337bB154p1 aBailey, Richard.10aProblems of the world economy.lEspañol.10aProblemas de la economía mundial /cRichard Bailey ; traducción de Ana Martínez Pujana. aBarcelona,(España) :bEditorial Labor,c1969. a185, [6] p. ;c20 cm.1 aNueva colección Laborv99 aTítulo original:tProblems of the world economy. aIncluye referencias bibliográficas : p. 179-[181]. aIncluye notas al pie de las páginas 0a Relaciones económicas internacionales 0aPolítica económica 0aFinanzas internacionales 1 aMartínez Pujana, Anaetr. 0aNueva colección Labor ;v99